000 00415nam a2200133Ia 4500
008 220204s9999 xx 000 0 und d
082 _a581.45:581.14
_bMAK
100 _aMaksymowych, Roman
245 0 _aAnalysis of leaf development
260 _aCambridge
_bCambridge University
_c1973
490 _aDevelopmental and cell biology series. Ed by M Abercrombis and others
650 _aLeaf development
942 _cBK
999 _c24570
_d24570